Регионална библиотека "Любен Каравелов" - Русе

Зад завесата: Големия брат (Запис номер 397419)

MARC детайли
000 -Лидер
Контролно поле с фиксирана дължина 01124nam a2200313 c 4500
003 - Код на организацията, давaща контролен номер
Контролно поле BLK
005 - Дата и час на последна редакция
Контролно поле 20250627095707.0
008 - Елементи от данни с фиксирана дължина
fixed length control field 180413b bul|||||r ||||||| ||bul||
010 ## - Наследен системен номер
LC control number KNG00029399000
020 ## - Международен стандартен номер на книга ISBN
Международен стандартен номер на книга ISBN 9786190107507
040 ## - Източник на каталожния запис
Идентификатор на билиотеката - собственик на записа BLK
041 ## - Код за език
Код за езика на текст/звукозапис или на отделно заглавие Български
Код за езика КДБФ Български
080 ## - УДК
Текстов определител УДК Международни политически отношения. Световна политика. Международна политика. Дипломация
УДК код - определител по УДК 327
УДК - код + определител 327
100 ## - Редна дума - Автор
Автор Тодоров, Калин Станков
Авторска отговорност първи автор
R(LIN) 1299
139 ## - Редно поле
Редна дума Тодоров, Калин
Авторски знак Тодо - Т 64
245 10 - Сведения за заглавието
Заглавие Зад завесата: Големия брат
Редно поле (дума) Калин Тодоров.
257 ## - Страна на издаване
Страна на създаване/издаване България
260 ## - Област на издателските данни
Място на издаване, разпространение и проч. София
Име на издателя, разпространителя и проч. Изток - Запад
Година на издаване 2020
300 ## - Физическа характеристика
Страници 136 с.
Размери/Мащаб 20 см
380 ## - Жанр
Жанр Обществени науки
650 #0 - Допълнително описание по предмет – тема
9 (RLIN) 254556
Основно описание – тема или топоним Международна политика
651 #7 - Допълнително описание по предмет - топоним
9 (RLIN) 178684
Географско понятие България
651 #7 - Допълнително описание по предмет - топоним
9 (RLIN) 179465
Географско понятие Русия
856 4# - Електронен адрес и достъп
Електронен формат pdf - файл
Път до файла /url/
856 4# - Електронен адрес и достъп
Електронен формат pdf - файл
Път до файла /url/
999 ## - СИСТЕМНИ КОНТРОЛНИ НОМЕРА
Koha biblionumber 397419
Koha biblioitemnumber 397419
942 ## - АРТИКУЛИ
Вид на библиотечния материал Книги
Скрит в OPAC Не
Периодичен библиозапис Да
Koha issues (borrowed), all copies 25
944 ## - СЪЗДАВАНЕ И РЕДАКЦИЯ на ЗАПИСА
Създаване/Редакция Създаване
Дата на регистрацията/редакция 2021-02-08
Служител, извършил регистрацията/редакцията 30531
Статус, дата на статуса Цветелина Шанова
999 ## - СИСТЕМНИ КОНТРОЛНИ НОМЕРА
Koha biblioitemnumber 397419
Наличности
Код за отписване Код за изгубен артикул Източник на класификационната схема Код за повреда Коз за рестрикции Код за отдаване Артикулен № Име на библиотеката - собственик Име на библиотеката, в която се намира в момента Статус (Текущо местоположение) Дата на вписване в системата Местоположение - отдел Цена в лева Систематично азбучна сигнатура Баркод Цена в евро Служебен тип на артикула
  Не е изгубен Universal Decimal Classification Не е повреден без рестрикции заемане за дома 812569 Регионална библиотека "Любен Каравелов" Русе Регионална библиотека "Любен Каравелов" Русе Заемна - подръчен фонд 2021-02-17 Заемна - подръчен фонд 10.50 327/Т 64 К 120000850783 5.37 Книги
  Не е изгубен Universal Decimal Classification Не е повреден без рестрикции заемане за дома 812570 Регионална библиотека "Любен Каравелов" Русе Регионална библиотека "Любен Каравелов" Русе Заемна - подръчен фонд 2021-02-17 Заемна - подръчен фонд 10.50 327/Т 64 К 120000850784 5.37 Книги
  Не е изгубен Universal Decimal Classification Не е повреден само за читалня ползва се в читалня 835014 Регионална библиотека "Любен Каравелов" Русе Регионална библиотека "Любен Каравелов" Русе Хранилище 2021-06-07 Хранилище 14.00 Цб 307448 120000855661 7.16 Книги
  Не е изгубен Universal Decimal Classification Не е повреден без рестрикции заемане за дома 859277 Регионална библиотека "Любен Каравелов" Русе Регионална библиотека "Любен Каравелов" Русе Заемна - подръчен фонд 2021-10-29 Заемна - подръчен фонд 14.00 327/Т 64 К 120000861497 7.16 Книги
Vip Innovations Ltd, Rousse, Bulgaria 2025